AH International Schools' Libraries

Lead Like Jesus : (Record no. 50097)

MARC details
000 -LEADER
fixed length control field 00555nam a2200133 4500
020 ## - INTERNATIONAL STANDARD BOOK NUMBER
International Standard Book Number 9781400314201
100 ## - MAIN ENTRY--PERSONAL NAME
Personal name Blanchard, Ken,
Relator term author.
9 (RLIN) 84914
245 ## - TITLE STATEMENT
Title Lead Like Jesus :
Remainder of title Lessons for everyone from the greatest leadership role model of all time/
Statement of responsibility, etc by Ken Blanchard and Phil Hodges.
260 ## - PUBLICATION, DISTRIBUTION, ETC. (IMPRINT)
Name of publisher, distributor, etc Thomas Nelson:
Date of publication, distribution, etc 2005.
520 ## - SUMMARY, ETC.
Summary, etc Learn how to lead like Jesus, whether in the home, the church, the community, or marketplace.
650 ## - SUBJECT ADDED ENTRY--TOPICAL TERM
9 (RLIN) 80180
Topical term or geographic name as entry element Jesus Christ
Form subdivision Leadership
650 ## - SUBJECT ADDED ENTRY--TOPICAL TERM
9 (RLIN) 86743
Topical term or geographic name as entry element Leadership - Religious aspects
942 ## - ADDED ENTRY ELEMENTS (KOHA)
Source of classification or shelving scheme
Koha item type Book
Holdings
Withdrawn status Lost status Source of classification or shelving scheme Damaged status Not for loan Home library Current library Date acquired Total Checkouts Full call number Barcode Date last seen Price effective from Koha item type
          Logos International School Logos International School 01/16/2026   253 BLA 040827 01/20/2026 01/16/2026 Book

For any Logos Library related questions please contact Miss Art at swongnarasuk@asianhope.org.

For any Asian Hope Library related questions please contact Miss Raza at graza@asianhope.org.

Click here to explore our ebooks!

Powered by Koha